000 03124nam2a22004211 4500
001 v19\rc\1500426
005 20260405144729.0
035 _a(NLR Aleph) 005211798
090 _a5416271
_c5416271
100 _a20060620d1884 |||y0rusy50 ca
101 0 _arus
102 _aRU
105 _ay z ||1||
200 1 _a[Памятники дипломатических сношений Московского государства с Крымскою и Ногайскою ордами и с Турцией
_fиздано под ред. и с предисл. Г.Ф. Карпова]
_hт. 1
_i(с 1474 по 1505 год), эпоха свержения монгольского ига в России
210 _d1884
_aБ. м.
215 _a[10], XXII, 558 с., 82 стб.
225 1 _a...
_vт. 41
320 _aУказатель личных имен: стб. 1-62
_aУказатель географический: стб. 63-82
461 0 _1001v19\rc\1500423
_12001#$aПамятники дипломатических сношений древней России с державами иностранными$v[3]
_95416244
_cСанкт-Петербург
_d1882-1913
_nизданные Императорским Русским историческим обществом
_tПамятники дипломатических сношений древней России с державами иностранными
_v[3]
540 1 _aПамятники дипломатических сношений Московского государства с Крымской и Ногайской ордами и с Турцией
607 _aНогайская Орда
_jДокументы и материалы
_xВзаимоотношения
_yРоссия
_92397782
_3RU\NLR\AUTH\661429510
607 _aРоссия
_jДокументы и материалы
_xВзаимоотношения
_yНогайская Орда
_92397780
_3RU\NLR\AUTH\661429509
607 _aКрымское ханство
_jДокументы и материалы
_xВзаимоотношения
_yРоссия
_92528030
_3RU\NLR\AUTH\661497595
607 _aРоссия
_jДокументы и материалы
_xВзаимоотношения
_yКрымское ханство
_92528032
_3RU\NLR\AUTH\661497596
607 _aТурция
_jДокументы и материалы
_xВзаимоотношения
_yРоссия
_z15 - 17 вв.
_92536221
_3RU\NLR\AUTH\661501906
607 _aРоссия
_jДокументы и материалы
_xВзаимоотношения
_yТурция
_z15 - 17 вв.
_92536230
_3RU\NLR\AUTH\661501908
686 0 _aТ3(5Ту)42-64(2)
686 0 _aТ3(2)42-64(5Ту)
686 0 _aТ3(2)449.4
686 0 _aТ3(2)433.4
702 1 _4080
_4340
_8rus
_7ca
_aКарпов
_bГ. Ф.
_cисторик
_f1839-1890
_gГеннадий Федорович
_3RU\NLR\AUTH\7760285
_943216
801 2 _aRU
_bNLR
_c20070911
_2rusmarc
801 0 _aRU
_bNLR
_c20060620
_gpsbo
801 0 _aRU
_bRuMoRGB
_c20060620
_2psbo
801 1 _aRU
_bProSoft-M
_c20060620
_2rusmarc
852 _aNLR
_j1/377(41)
942 _cBOOK
980 _aNB